000 00588nam a2200181Ia 4500
008 100921s9999 xx 000 0 und d
082 _b24287
_a891.463 थ 91
100 _aमेहता शशीकला.
245 _aतुळसा.
260 _bदिलिपराज प्रकाशन,पुणे.
_c1991
300 _a207
_bमॅजेस्टीक प्रकाशन,पुणे.
365 _b100
520 _aललित-कथा.
630 _aतुळसा.
650 _aललित-कथा.
730 _aतुळसा.
942 _cBOOK
999 _c773400
_d773397